Basic thoerems and formulae of number theory and mathematics

Saved in:
Bibliographic Details
Main Author: Kraeft, Uwe
Format: Book
Language:English
Published: Aachen : Shaker Verlag, 2007
Subjects:
Tags: Add Tag
No Tags, Be the first to tag this record!

MARC

LEADER 00000cam a2200000 i 4500
001 1/55459
008 070920s2007 eng d
020 |a 978-8322-6238-9 
035 |l 10090870 
040 |a GR-MY-UA  |b gre  |e aacr 
041 0 |a eng 
082 0 |a 512.7  |2 (22) 
100 1 |a Kraeft, Uwe. 
245 1 0 |a Basic thoerems and formulae of number theory and mathematics /  |c Uwe Kraeft 
260 |a Aachen :   |b Shaker Verlag,   |c 2007 
300 |a xxi, 207 σ.;  |c 21 εκ. 
650 0 0 |a Number theory. 
650 0 0 |a Mathematics. 
852 |a INST  |b SAMOS  |e 20070920  |h 512.7 KRA  |p 005300028202  |q 005300028202  |t BK  |y 0 
901 |a BIBL3-2007-3 
909 |a Σ  |b 134191 
970 |a ΡΟΥΣΣΟΥ  |b ΚΩΝΣΤΑΝΤΙΝΑ  |z 2007/09/20